| 000 | 01430cam a2200241 4500 | ||
|---|---|---|---|
| 001 | ABS63006 | ||
| 008 | 000000n2000 000 0 eng u | ||
| 035 | _a(Sirsi) u108930 | ||
| 100 | _aOwen, C. | ||
| 245 | _aMistakes in adjudication | ||
| 260 | _c2000 | ||
| 490 |
_aBuilding Services Journal _v October 2000, 43(1) |
||
| 520 | _aConsiders what action can be taken by those involved in an adjudication where the adjudicator makes a mistake. Looks at the case of "Bouygues v Dahl-Jensen" where the adjudicator miscalculated a payment. Also considers the possibility of correcting adjudication errors. Discusses "Bloor Construction (UK) v Bowman and Kirkland (London)", in which a judge decided that an adjudicator could correct certain mistakes. Concludes that, generally speaking, whether right or wrong an adjudicator's decision will be enforced by the courts. | ||
| 590 | _aABS | ||
| 650 | _aMANAGEMENT-DISPUTE AVOIDANCE, MANAGEMENT AND RESOLUTION-DISPUTE MANAGEMENT AND RESOLUTION-ALTERNATIVE DISPUTE RESOLUTION-ADJUDICATION | ||
| 650 | _aMANAGEMENT-DISPUTE AVOIDANCE, MANAGEMENT AND RESOLUTION-DISPUTE MANAGEMENT AND RESOLUTION-ALTERNATIVE DISPUTE RESOLUTION-ADJUDICATION-ADJUDICATION AWARDS | ||
| 650 | _aMISTAKE | ||
| 650 | _aBOUYGUES UK LTD V DAHL-JENSEN UK LTD | ||
| 650 | _aBLOOR CONSTRUCTION V BOWMAN AND KIRKLAND | ||
| 650 | _aJUDICIAL SYSTEM | ||
| 690 |
_aDispute resolution _96236 |
||
| 942 | _n0 | ||
| 999 |
_c65038 _d65038 |
||